00867nam a22002537a 45000010005000000030006000050050017000110080041000280200018000690400029000870500018001160820010001341000028001442450036001722600045002083000056002534900024003095050007003335200163003405210021005035210018005246500037005426500034005799658FISKH20260128103535.0260128b cb ||||| |||| 00| 0 eng d a9780312611897 aFISKHbengcFISKHdFISKH aPZ7 .S8177 .D a813.0 aSteig, William eAuthor aDoctor De Soto /cWilliam Steig aNew York :bFarrar Straus Giroux ,c2010 a28 unnumbered pages :bcolor illustrations ;c26 cm aDoctor De Soto :v1 aN  aDr. De Soto, a mouse dentist, copes with the toothaches of various animals except those with a taste for mice, until the day a fox comes to him in great pain.8 a560 bLexile AD 8 aN bRaz-Plus  aCommunity helpersvDental health aAnimal storiesvPictures book